[Event "FRA-chB"]
[Site "Toulouse"]
[Date "1995.??.??"]
[Round "2"]
[White "Gey, Marc Emile"]
[Black "Hell, Pascal"]
[Result "1-0"]
[WhiteElo "1840"]
[BlackElo "2185"]
[PlyCount "81"]
[EventDate "1995.08.??"]
[EventType "swiss"]
[EventRounds "11"]
[EventCountry "FRA"]
[SourceTitle "EXT 1998"]
[Source "ChessBase"]
[SourceDate "1997.11.17"]
[SourceVersion "1"]
[SourceVersionDate "1997.11.17"]
[SourceQuality "1"]

1. d4 Nf6 2. Nf3 e6 3. c4 d5 4. Nc3 Be7 5. Bf4 0-0 6. e3 c6 7. cxd5 exd5 8. Bd3 Nbd7 9. 0-0 Re8 10. Qc2 Nf8 11. Rab1 Ne6 12. Ng5 Nxg5 13. Bxg5 h6 14. Bxf6 Bxf6 15. b4 b6 16. Na4 Qd6 17. b5 Bd7 18. bxc6 Bxc6 19. Nxb6 Rab8 20. Na4 Rec8 21. Nc5 Bd8 22. Bf5 Rxb1 23. Rxb1 Rb8 24. Rxb8 Qxb8 25. Nd7 Qb4 26. g3 Bb5 27. Qc1 g6 28. Bh3 Qa4 29. Ne5 Qxa2 30. Kg2 Qa6 31. Bd7 Bxd7 32. Nxd7 Qb7 33. Nc5 Qc6 34. Qa3 a5 35. Qa4 Qc7 36. Qe8+ Kg7 37. Nd7 a4 38. Qf8+ Kh7 39. Qxf7+ Kh8 40. Qe8+ Kh7 41. Nf8+ 1-0